000 01064nam a2200301 i 4500
001 bg
003 KOSZ 005
005 20200630132821.0
008 071023s1968 pl a f f 001 0 pol
015 _aPB 1968/1867
040 _aWA N
_cKOSZ 005/RW
_dKOSZ 005/RW
080 _a51
100 1 _aRasiowa, Helena
_d(1917-1994).
245 1 0 _aWstęp do matematyki współczesnej /
_cHelena Rasiowa.
260 _aWarszawa :
_bPaństwowe Wydawnictwo Naukowe,
_c1968.
300 _a302, [2] s. :
_bil., err. ;
_c25 cm.
380 _aKsiążki.
490 1 _aBiblioteka Matematyczna ;
_vt. 30.
504 _aIndeks.
521 8 _aPodręcznik dla 1. roku studiów matematycznych.
650 4 _aMatematyka
_xszkoły wyższe.
655 4 _aPodręczniki akademickie
650 4 _aLogika matematyczna
710 2 _aPaństwowe Wydawnictwo Naukowe
_4pbl.
830 0 _aBiblioteka Matematyczna,
_vt. 30.
856 _uhttp://koha.tu.koszalin.pl/cgi-bin/koha/opac-detail.pl?biblionumber=10880
_yKatalog online BPK
942 _2UKD
_cKS
999 _c10880
_d10880